00746nam a2200181 a 450000100060000000300090000600800410001504000280005608200180008410000310010224501380013326000640027130000080033550500800034365000550042365000470047865000390052522459CO-ViMGA141112s2004 ck r 000 u spa d aCO-ViMGAbspacCO-ViMGA04a923.286 A915p1 aAyala Diago, Cesar Augusto10aEl porvenir del pasado : bGilberto alzate avendaño, sensibilidad leoparda y democracia.la derecha colombiana de los años treinta aBogotá : bFundación Gilberto Alzate Avendaño, c2007 a559 aLa denodada porfía 17 - - Un líder sin serie 23 - - Introducción 29 14aALZATE AVELDAÑO, GILBERTO - PENSAMIENTO POLITICO14aPARTIDOS POLíTICOS - COLOMBIA - SIGLO XX14aPOLITICOS COLOMBIANOS - BIOGRAFIAS